Thoughts for daily living /

Spremljeno u:
Bibliografski detalji
Glavni autor: Sheen, Fulton J. (Fulton John), 1895-1979
Format: Knjiga
Jezik:English
Izdano: Dublin : Browne and Nolan, 1956.
Teme:
LEADER 00819nam a2200229 a 4500
001 c000311878
003 CARM
005 00000000000000.0
008 961114s1956 ie 00000 eng d
019 1 |a 12754766  |5 LACONCORD2021 
035 |a (OCoLC)25220906  |5 LACONCORD2021 
040 |a CLONE  |c VDU 
082 0 4 |a 082  |2 20 
100 1 |a Sheen, Fulton J.  |q (Fulton John),  |d 1895-1979. 
245 1 0 |a Thoughts for daily living /  |c by Fulton J. Sheen. 
260 |a Dublin :  |b Browne and Nolan,  |c 1956. 
300 |a 207 p. ;  |c 23 cm. 
650 0 |a Meditations. 
650 0 |a Quotations, English. 
852 8 |b CARM  |h A3:AD32B0  |i B11441  |p 0473115  |f BK 
999 f f |i e2107f7a-8dff-5b38-9c24-6a2de715bac0  |s dac938dd-9378-578d-967d-b7539c2f555b 
952 f f |p Can circulate  |a CAVAL  |b CAVAL  |c CAVAL  |d CARM 1 Store  |e B11441  |f A3:AD32B0  |h Other scheme  |i book  |m 0473115